00742nam a22001697a 4500008004000000020001800040050002000058110001100078245020500089250001100294260004500305300002100350504003700371650003800408700003500446710009100481140904t cl||||| |||| 00| 0 spa d a978958710739504aJC571bC38 20111 aUNESCO10aCátedra UNESCO :bLa investigación y la gobernanza : Reorientación de las políticas públicas sobre desplazamiento forzado y justicia transicional /cUNESCO; André-Jean Arnaud... [ed. al.]. a1a ed. aColombia :bUniversidad Externado,c2011 a530 p. ;c24 cm. aIncluye bibliografias e índice 72LEMBaDerechos HumanosxGobiernos1 aArnaud, André-Jean, ecoaut.1 aLa Organización de las Naciones Unidas para la Educación, la Ciencia y la Cultura